000
00304nam a22001217a 4500
082
_a
370
_b
AZA
100
_a
Azam, Ikram
245
_a
A Futuristic Paradigm of Education /
_c
Ikram Azam
260
_a
Islamabad :
_b
The PFI,
_c
2003.
300
_a
245p. ;
_c
23 cm.
563
_a
HBK.
942
_2
ddc
_c
BK
999
_c
589040
_d
589040